000 00454nam a2200181Ia 4500
001 18218
005 20260306171614.0
008 260306s9999||||xx |||||||||||||| ||und||
041 _aESP
082 _a658.4012
_bV66E
100 _aVillajuana, Carlos
_eAUT
245 0 _aEstratejiendo:
_bplan estratégico y balanced scorecard
260 _c2013
300 _a509 páginas :
_c27 cm.
650 _aGEN
654 _aCAN
942 _cLIB
_dJUS
_fJUS
_2ddc
_n
999 _c18218
_d18218